भारतीय साहित्य के निर्माता : (Record no. 112349)
[ view plain ]
| 000 -LEADER | |
|---|---|
| fixed length control field | 01152nam a22002537a 4500 |
| 005 - DATE AND TIME OF LATEST TRANSACTION | |
| control field | 20170124102937.0 |
| 010 ## - LIBRARY OF CONGRESS CONTROL NUMBER | |
| LC control number | A-610538 |
| 020 ## - INTERNATIONAL STANDARD BOOK NUMBER | |
| Terms of availability | 15.00 |
| International Standard Book Number | 817201340 |
| 035 ## - SYSTEM CONTROL NUMBER | |
| System control number | A-610538 |
| 037 ## - SOURCE OF ACQUISITION | |
| Source of stock number/acquisition | Cen Lib/Ret |
| 040 ## - CATALOGING SOURCE | |
| Original cataloging agency | DPL |
| Language of cataloging | HN |
| 082 ## - DEWEY DECIMAL CLASSIFICATION NUMBER | |
| Classification number | 821 |
| Item number | रामेश्व |
| 100 ## - MAIN ENTRY--PERSONAL NAME | |
| Personal name | रामेश्वरदयाल श्रीमाली |
| 9 (RLIN) | 47008 |
| 245 ## - TITLE STATEMENT | |
| Title | भारतीय साहित्य के निर्माता : |
| Statement of responsibility, etc | रामेश्वरदयाल श्रीमाली |
| Remainder of title | पद्मनाभ / |
| 246 ## - VARYING FORM OF TITLE | |
| Title proper/short title | Bhartiye sahitye ke nirmata : padmnaabh / |
| Remainder of title | by Rameshwardayal Shrimali |
| 260 ## - PUBLICATION, DISTRIBUTION, ETC. (IMPRINT) | |
| Place of publication, distribution, etc | नई दिल्ली |
| Name of publisher, distributor, etc | साहित्य अकादमी |
| Date of publication, distribution, etc | 1993 |
| 270 ## - ADDRESS | |
| Address | 35, फिरोज़शाह मार्ग |
| City | नई दिल्ली |
| Postal code | 110001 |
| 300 ## - PHYSICAL DESCRIPTION | |
| Extent | 91पृ. |
| Dimensions | 20सेमी (सजिल्द) |
| 650 ## - SUBJECT ADDED ENTRY--TOPICAL TERM | |
| Topical term or geographic name as entry element | हिन्दी -- साहित्य |
| 9 (RLIN) | 47009 |
| 650 ## - SUBJECT ADDED ENTRY--TOPICAL TERM | |
| Topical term or geographic name as entry element | हिन्दी -- काव्य |
| 9 (RLIN) | 779 |
| 650 ## - SUBJECT ADDED ENTRY--TOPICAL TERM | |
| Topical term or geographic name as entry element | Hindi - literature |
| 9 (RLIN) | 47010 |
| 650 ## - SUBJECT ADDED ENTRY--TOPICAL TERM | |
| Topical term or geographic name as entry element | Hindi - Poem |
| 9 (RLIN) | 47011 |
| 942 ## - ADDED ENTRY ELEMENTS (KOHA) | |
| Source of classification or shelving scheme | Dewey Decimal Classification |
| Koha item type | Hindi Books |
| Classification part | 821 |
| Call number suffix | रामेश्व |
| Withdrawn status | Lost status | Damaged status | Not for loan | Home library | Current library | Date acquired | Source of acquisition | Cost, normal purchase price | Total Checkouts | Full call number | Barcode | Date last seen | Copy number | Cost, replacement price | Price effective from | Koha item type |
|---|---|---|---|---|---|---|---|---|---|---|---|---|---|---|---|---|
| Central Library | Central Library | 07/08/2015 | Cen Lib/Ret | 15.00 | 821 रामेश्व | A-610538 | 07/08/2015 | 1 | 15.00 | 07/08/2015 | Hindi Books |
